Molecular biotechnology: principles and applications of recombinant DNA (Record no. 395227)

MARC details
000 -LEADER
fixed length control field 00597 a2200217 4500
005 - DATE & TIME
control field 20260121105956.0
008 - FIXED-LENGTH DATA ELEMENTS--GENERAL INFORMATION
fixed length control field 260119b |||||||| |||| 00| 0 eng d
020 ## - ISBN
International Standard Book Number 9781683673644
Price $ 139.95
040 ## - CATALOGING SOURCE
Original cataloging agency VIVEKANANDA LIBRARY
082 ## - DDC NUMBER
Classification number 660.65
Book Number G49M(6)
100 ## - MAIN ENTRY--PERSONAL NAME
Personal name Glick, Bernard R
245 ## - TITLE STATEMENT
Title Molecular biotechnology: principles and applications of recombinant DNA
250 ## - EDITION STATEMENT
Edition statement 6th
260 ## - PUBLICATION, DISTRIBUTION, ETC. (IMPRINT)
Name of publisher, distributor, etc ASM Press
Date of publication, distribution, etc 2022
Place of publication, distribution, etc Hoboken
300 ## - PHYSICAL DESCRIPTION
Pages xix, 876
650 ## - Subject
Subject Biotechnology
650 ## - Subject
Subject Genetic Engineering
650 ## - Subject
Subject Molecular Biology
700 ## - Added Entry Personal Name
Added Entry Personal Name Patten, Cheryl L
942 ## - ADDED ENTRY ELEMENTS (KOHA)
Koha item type Books
Holdings
Withdrawn status Lost status Source of classification or shelving scheme Damaged status Not for loan Location (home branch) Sublocation or collection (holding branch) Shelving location Date acquired Koha issues (times borrowed) Koha full call number Accession No. Koha date last seen Koha item type
    Dewey Decimal Classification     VIVEKANANDA LIBRARY VIVEKANANDA LIBRARY Vivekananda Library 06/01/2026   660.65 G49M(6) 444180 06/01/2026 Books
© Designed and Maintained by Vivekananda Library, MDU Rohtak